Karikó Katalin egész életében Zorán dalából merített erőt, például amikor elveszítette az állását

Elmentve itt :
Bibliográfiai részletek
Dokumentumtípus: Cikk
Megjelent: 2021-05-08
Sorozat:Szeretlekmagyarorszag.hu
Kulcsszavak:Járvány - koronavírus, Járványügyi védekezés - koronavírus - vakcina - Pfizer-BioNTech - védőoltás, Volt egyetemi hallgató - Karikó Katalin - egyetemi tanár - BioNTech alelnöke, Kutatás - Pfizer-BioNTech közös vakcinafejlesztés
Online Access:http://univ.bibl.u-szeged.hu/58669
LEADER 01018nab a2200157 i 4500
001 univ58669
005 20220509155541.0
008 210510s2021 hu o 0|| zxx d
040 |a SZTE UnivHistória Repozitórium  |b hun 
041 |a zxx 
245 0 0 |a Karikó Katalin egész életében Zorán dalából merített erőt, például amikor elveszítette az állását  |h [elektronikus dokumentum] 
260 |c 2021-05-08 
490 0 |a Szeretlekmagyarorszag.hu 
561 |a Karikó Katalin sajtóarchívum 
695 |a Járvány - koronavírus, Járványügyi védekezés - koronavírus - vakcina - Pfizer-BioNTech - védőoltás, Volt egyetemi hallgató - Karikó Katalin - egyetemi tanár - BioNTech alelnöke, Kutatás - Pfizer-BioNTech közös vakcinafejlesztés 
856 4 0 |u http://univ.bibl.u-szeged.hu/58669/1/Karik%C3%B3%20Katalin%20eg%C3%A9sz%20%C3%A9let%C3%A9ben%20Zor%C3%A1n%20dal%C3%A1b%C3%B3l%20mer%C3%ADtett%20er%C5%91t%2C%20p%C3%A9ld%C3%A1ul%20amikor%20elvesz%C3%ADtette%20az%20%C3%A1ll%C3%A1s%C3%A1t.pdf  |z Dokumentum-elérés